Central Library OPAC University of Rajshahi

Family law : (Record no. 61871)

MARC details
000 -LEADER
fixed length control field 00619nam a2200217 a 4500
001 - CONTROL NUMBER
control field 61871
003 - CONTROL NUMBER IDENTIFIER
rucl marc code BD-RjUL
005 - DATE AND TIME OF LATEST TRANSACTION
control field 20211209081018.0
008 - FIXED-LENGTH DATA ELEMENTS--GENERAL INFORMATION
fixed length control field 170122s1972 enk 00| 0 eng d
035 ## - SYSTEM CONTROL NUMBER
System control number (BD-RjUL)61995
040 ## - CATALOGING SOURCE
Original cataloging agency VAL
Transcribing agency VAL
Modifying agency EQO
-- BD-RjUL
Language of cataloging eng
041 ## - LANGUAGE CODE
Language code of text/sound track or separate title eng
082 04 - DEWEY DECIMAL CLASSIFICATION NUMBER
Edition number 23
Classification number 349.54
Author mark and year MIF 1972
100 10 - MAIN ENTRY--PERSONAL NAME
Personal name Mitra, Sunil Kumar
9 (RLIN) 184191
245 10 - TITLE STATEMENT
Title Family law :
Remainder of title Hindu law and Mahomedan law /
Statement of responsibility, etc. Sunil Kumar Mitra
260 ## - PUBLICATION, DISTRIBUTION, ETC. (IMPRINT)
Place of publication, distribution, etc. Calcutta :
Name of publisher, distributor, etc. Eastern law house,
Date of publication, distribution, etc. c1972
300 ## - PHYSICAL DESCRIPTION
Pagination 239 p. ;
Size 23 cm.
500 ## - GENERAL NOTE
General note Includes index.
650 ## - SUBJECT ADDED ENTRY--TOPICAL TERM
Topical term or geographic name as entry element Jurisdictions
Geographic subdivision India
9 (RLIN) 184192
942 ## - ADDED ENTRY ELEMENTS (KOHA)
Source of classification or shelving scheme Dewey Decimal Classification
Koha item type Books
Holdings
Lost status Source of classification or shelving scheme Damaged status Not for loan Collection code Permanent Location Current Location Shelving location Date acquired Source of acquisition Cost, normal purchase price Total Checkouts Full call number Date last seen Copy number Koha item type
  Dewey Decimal Classification   Not For Loan Non-fiction Central Library, University of Rajshahi Central Library, University of Rajshahi Reading Room 29/01/1974 Wari book cop. 17.75   349.54 MIF 1972 22/01/2017 C-1 Books